000 00660nam a2200241Ia 4500
003 OSt
005 20220926040238.0
006 a|||||r|||| 00| 0
007 ta
008 220923b |||||||| |||| 00| 0 eng d
037 _cGeneral Book
040 _aRTL
_cRTL
_beng
041 _2eng
_aeng
082 _aX:8y7, K3
100 _aGlover John Desmond
_9343382
245 0 _aAdministrator
_b Cases on human relations in busine
250 _a4th
260 _c1963
650 _aManagement
_930681
700 _a Hower Ralpha M
_9343383
942 _hX:8y7, K3
_cGB
_2CC
999 _c664293
_d664293